000 00531nam a2200169Ia 4500
008 240729s9999 xx 000 0 und d
022 _a2063-7330
245 0 _aKOME: An International Journal of Pure Communication Inquiry
260 _aHungary
260 _bHungarian Communication Studies Association
650 _a Communication. Mass media
650 _a Philology. Linguistics
650 _aLanguage and Literature
856 _uhttps://doaj.org/toc/5070e55616fa47b19af2729e9e2754b9
942 _2ddc
942 _cDOAJEJ
999 _c65792
_d65792
945 _a1
_bMadushi Gamage
_c1
_dMadushi Gamage